Repertoire d'opéras italiens; (Record no. 91563)

MARC details
000 -LEADER
fixed length control field 00512cam a2200169u 4500
001 - CONTROL NUMBER
control field unk84131406
003 - CONTROL NUMBER IDENTIFIER
control field DLC
005 - DATE AND TIME OF LATEST TRANSACTION
control field 20260227112802.0
008 - FIXED-LENGTH DATA ELEMENTS--GENERAL INFORMATION
fixed length control field 841115q18501859gw 000 0 fre
010 ## - LIBRARY OF CONGRESS CONTROL NUMBER
LC control number unk84131406
040 ## - CATALOGING SOURCE
Original cataloging agency DLC
Transcribing agency CarP
Modifying agency DLC
050 00 - LIBRARY OF CONGRESS CALL NUMBER
Classification number ML30.4c no. 1454
100 1# - MAIN ENTRY--PERSONAL NAME
Personal name Kummer, Kaspar,
Dates associated with a name 1795-1870-
Relator term comp.
245 10 - TITLE STATEMENT
Title Repertoire d'opéras italiens;
Remainder of title potpourris sur des motifs d'opéras favoris, pour la flûte seule.
260 ## - PUBLICATION, DISTRIBUTION, ETC.
Place of publication, distribution, etc. Hamburg,
Name of publisher, distributor, etc. F. Schuberth
Date of publication, distribution, etc. [185-?]
300 ## - PHYSICAL DESCRIPTION
Extent 36 v.
Other physical details cm.

No items available.

Powered by Koha